000 004480000a22001810004500
003 MACL
005 20151219140348.0
008 151219b xxu||||| |||| 00| 0 eng d
040 _aMACL
_cMACL
041 _aEnglish
082 _a370/BAL
100 _aBallard, P B
_921400
245 _aThe Practical Infant Teacher
_bVol 3
260 _bThe New Era Publishing Co Ltd
350 _a27
650 _aEducation
_921401
942 _cBK
_k370/BAL
_2ddc
999 _c39834
_d39834